|
|
|
|
| LEADER |
00000nab a2200000 a 4500 |
| 001 |
vtls000479664 |
| 003 |
SK-MaSNL |
| 005 |
20260304195604.0 |
| 008 |
230223c1993 xo 0 slo |
| 015 |
|
|
|a SNBRB19rr/mm-uuuuu
|
| 035 |
|
|
|a CL0479799
|
| 035 |
|
|
|a urn:nbn:sk:snk-abbmu
|
| 035 |
|
|
|a (urnnbn)urn:nbn:sk:snk:ar-a04yal
|
| 035 |
|
|
|a (uuid)5abaf8c3-33f2-4b18-86e3-5a5e338204bb
|
| 040 |
|
|
|a SNKBUCL
|b slo
|c SNKBUCL
|e AACR2
|
| 041 |
0 |
|
|a slo
|
| 044 |
|
|
|a xo
|c SK
|
| 080 |
|
|
|a 82:929(048):885.4
|2 1981
|
| 080 |
|
|
|a 885.4
|2 1981
|
| 080 |
|
|
|a 82
|2 1981
|
| 080 |
|
|
|a 930.25(048)
|2 1981
|
| 080 |
|
|
|a 929 Kollár, Ján
|2 1981
|
| 100 |
1 |
|
|a Fordinálová, Eva,
|d 1941-
|4 aut
|9 87521
|
| 245 |
1 |
0 |
|a Pohľad do Kollárovej "trinástej komnaty"
|c Eva Fordinálová
|
| 600 |
1 |
7 |
|a Kollár, Ján,
|d 1793-1852
|2 snkbucl
|9 106018
|
| 648 |
|
7 |
|a 1819-1939
|2 snkbucl
|9 1530493
|
| 650 |
0 |
7 |
|a korešpondencia
|2 snkbucl
|9 645
|
| 655 |
|
7 |
|a články z novín a časopisov
|2 snkbucl
|9 267496
|
| 655 |
|
7 |
|a články z odboru literárna veda a krásna literatúra
|2 snkbucl
|9 770045
|
| 773 |
0 |
|
|t Slovenský jazyk a literatúra v škole
|g Roč. 39, č. 4 (1992/1993), s. 167- 168
|
| 787 |
0 |
8 |
|i Rec.:
|a Ambruš, Jozef
|t Listy Jána Kollára 1
|d Martin : Matica slovenská, 1991
|
| 850 |
|
|
|a Slovenská národná knižnica v Martine
|a MTA001
|
| 852 |
|
|
|a SNK
|b KIS3GCP
|
| 954 |
|
|
|a odborná, vedecká literatúra pôvodná (slovenská)
|2 lita
|
| 958 |
|
|
|a RK
|
| 958 |
|
|
|a LX
|
| 958 |
|
|
|a OND
|
| 958 |
|
|
|a EUIPO
|
| 958 |
|
|
|a article27
|
| 992 |
|
|
|a RBX
|
| 999 |
|
|
|c 3082209
|d 3084139
|